000 00542nam a2200193Ia 4500
005 20260120124505.0
008 008 260114s9999 xx 000 0 eng d
020 _a9781787433489
037 _aEBOOK
040 _aCRL
_beng
_cCRL
041 _aeng
_2eng
084 _qCRL
245 4 _aThe Return of Trust
260 _bEmerald Publishing
_c2018
700 _aThrostur Olaf Sigurjonsson
_9907051
856 _uhttps://www.emerald.com/insight/publication/doi/10.1108/9781787433472
942 _cEBOOK
999 _c1498738
_d1498738